000 00527nam a2200145 4500
001 122508
003 ES-MaACL
007 t|
008 070214s1909 sp r ||||1| spa d
100 1 _aPuerta, Gabriel.
_994173
245 1 0 _aDiscursos
_b: principales artículos científicos-literarios y trabajos de laboratorio originales de Gabriel Puerta /
_cGabriel Puerta.
260 _aMadrid :
_b[s.n.],
_c1909 (
_fImp. de Valentín Tordesillas)
300 _a464 p., 1 lám. :
_b`retr. aut.` ;
_c24 cm.
852 _aES-MaACL
_jG-13645
999 _c122508
_d122508